[Event "FIDE Womens Grand Swiss 2021"]
[Site "Riga"]
[Date "2021.11.03"]
[Round "7.17"]
[White "Vantika Agrawal"]
[Black "Lujan, Carolina"]
[Result "1-0"]
[WhiteElo "2322"]
[BlackElo "2340"]
[Annotator "TA"]
[PlyCount "131"]
[EventDate "2021.10.27"]
[EventType "swiss"]
[EventCountry "LAT"]
[Tiebreak "Cut1 Buchholz+Sonneborn-Berger (Swiss)"]
[SourceTitle "playchess.com"]
[Source "ChessBase"]
[SourceQuality "1"]

{[%evp 9,131,24,34,0,0,0,0,0,25,15,41,34,43,25,29,34,22,3,27,8,29,16,61,85,87,
0,0,0,14,-27,-6,-4,25,0,12,-20,-22,-23,32,23,21,17,77,-31,0,-17,0,0,-11,-15,11,
0,0,-6,0,0,0,0,40,44,35,10,162,45,48,43,39,44,45,40,37,24,24,24,24,24,24,24,24,
24,24,24,24,24,28,24,24,24,227,227,227,93,85,0,0,0,64,58,227,227,227,227,227,
227,227,231,518,468,1036,263,842,911,1950,1706,29964,29964,29985,29980,29980,
29981,29981,29963,29983,29984]} 1. d4 Nf6 2. c4 g6 3. Nc3 d5 4. cxd5 Nxd5 5.
Bd2 Nb6 6. e3 {D85: Exchange Grünfeld: Unusual White 7th moves and lines with
7 Nf3.} Bg7 7. h4 $1 {[%mdl 4] is recently more successful than 7.f4.} h5 8.
Nf3 {The position is equal.} Bg4 9. Qb3 {[#]} Be6 $146 ({Predecessor:} 9... O-O
10. Ng5 e5 11. d5 c6 12. f3 Bc8 13. dxc6 Nxc6 14. Nce4 Qe7 15. Bb5 Rd8 {
1-0 (32) Anton Guijarro,D (2675)-Svidler,P (2723) chess24.com INT 2020}) 10.
Qc2 Nc6 11. Ng5 Bf5 12. Qb3 O-O 13. d5 Ne5 14. e4 Bd7 15. a4 {[%cal Ba2a4,
Ba4a5][%mdl 32]} c6 16. a5 Nc8 17. Be2 ({Don't play} 17. Qxb7 Nd6 $15) (17. f4
$16) 17... b5 $11 18. O-O Nd6 19. a6 Nec4 20. Bf4 c5 21. Qc2 (21. Rfc1 {
is more complex.} Be5 22. g3 Rb8 23. Qc2 Rc8 24. Re1) 21... Ne5 22. Nf3 Nxf3+
23. Bxf3 Nc4 (23... b4 $11 24. Ne2 Rc8) 24. Be2 $14 Nd6 25. Rfd1 Qb6 (25... Rc8
$11) 26. Be3 (26. e5 $16) 26... Qc7 27. Nb1 {[%cal Bc3b1,Bb1d2,Bd2f3][%mdl 32]}
Rac8 28. Bf4 Qb6 29. Nd2 e5 30. dxe6 Bxe6 31. Nf3 Nc4 32. Bxc4 bxc4 33. Be5 Bg4
{aiming for ...Bxe5.} 34. Bxg7 Kxg7 35. Qc3+ Qf6 $2 (35... Kg8 $1 $11 {and
Black has nothing to worry.}) 36. Qxf6+ (36. e5 $18 Qf4 37. e6+ Kg8 38. Rd7 (
38. e7 Rfe8 $15) 38... Bxe6 39. Rxa7) 36... Kxf6 37. Rdc1 Bxf3 38. gxf3 {
[%mdl 4096] Endgame KRR-KRR} Rc6 39. Rxc4 Rb8 40. Ra5 (40. Rc2 {feels hotter.}
Rb4 41. Kh2 c4 42. Ra5 Re6 43. Rc5) 40... Rxb2 41. Rcxc5 Rxc5 42. Rxc5 $11 {
Hoping for Rc7. KR-KR} Rb6 43. Ra5 Ke6 44. Kg2 Rb4 45. Kg3 Kf6 46. Kf4 Rb6 47.
Ra3 Re6 48. Ke3 g5 $2 (48... Rb6 $11) 49. hxg5+ $1 $18 Kxg5 {[#]} 50. Ra5+ (50.
f4+ $1 $18 Kh6 51. f5) 50... Kh6 51. Kf4 (51. f4 $16) 51... Rg6 $1 $11 52. Ra1
Rf6+ (52... h4 $11) 53. Kg3 $14 Kg6 $2 {[#]} ({Black should try} 53... Kg5 $14)
54. f4 $1 $18 Rb6 55. Ra5 f6 56. f3 Rc6 57. Ra3 Rb6 $2 (57... Kh6 58. Kh4 Rc1)
58. f5+ Kg5 (58... Kh6 $142 59. Kf4 Kg7) 59. f4+ Kh6 60. e5 Kg7 61. e6 Rb5 62.
Rc3 {White mates.} Rxf5 63. Rc7+ Kf8 64. Rxa7 Ra5 65. f5 Ra4 66. Rf7+ {[%mdl
64] Double Attack.  Weighted Error Value: White=0.17/Black=0.44} 1-0

[Event "FIDE Womens Grand Swiss 2021"]
[Site "Riga"]
[Date "2021.11.03"]
[Round "7.18"]
[White "Atalik, Ekaterina"]
[Black "Sargsyan, Anna M."]
[Result "1-0"]
[WhiteElo "2420"]
[BlackElo "2402"]
[Annotator "NA"]
[PlyCount "85"]
[EventDate "2021.10.27"]
[EventType "swiss"]
[EventCountry "LAT"]
[Tiebreak "Cut1 Buchholz+Sonneborn-Berger (Swiss)"]
[SourceTitle "playchess.com"]
[Source "ChessBase"]
[SourceQuality "1"]
[TimeControl "40/6000+30:20/3000+30:900+30"]

1. d4 {[%emt 0:10:04]} d5 {[%emt 0:10:09]} 2. Nf3 {[%emt 0:00:09]} Nf6 {
[%emt 0:00:12]} 3. g3 {[%emt 0:00:10]} Bf5 {[%emt 0:00:16]} 4. Nh4 {[%emt 0:00:
26]} Bg4 {[%emt 0:07:34]} 5. h3 {[%emt 0:01:22]} Bd7 {[%emt 0:02:30]} 6. Bg2 {
[%emt 0:00:20]} c5 {[%emt 0:00:25]} 7. c3 {[%emt 0:04:43]} Nc6 {[%emt 0:00:31]}
8. dxc5 {[%emt 0:02:00]} e6 {[%emt 0:00:18]} 9. Be3 {[%emt 0:00:56]} Ne5 {
[%emt 0:08:17]} 10. Nd2 {[%emt 0:08:04]} Qc7 {[%emt 0:01:35]} 11. b4 {[%emt 0:
09:54]} b6 {[%emt 0:09:15]} 12. Bf4 {[%emt 0:04:20]} Nh5 {[%emt 0:05:29]} 13.
Bxe5 {[%emt 0:03:22]} Qxe5 {[%emt 0:00:09]} 14. O-O {[%emt 0:01:20]} Nf6 {
[%emt 0:05:34]} 15. cxb6 {[%emt 0:05:55]} axb6 {[%emt 0:06:03]} 16. Nc4 {
[%emt 0:13:55]} Qb8 {[%emt 0:16:53]} 17. Ne3 {[%emt 0:06:35]} b5 {[%emt 0:00:
28]} 18. Nf3 {[%emt 0:02:56]} Bd6 {[%emt 0:00:28]} 19. Nd4 {[%emt 0:02:24]} O-O
{[%emt 0:00:14]} 20. a3 {[%emt 0:03:53]} Rc8 {[%emt 0:01:24]} 21. Qd3 {[%emt 0:
04:56]} Be8 $11 {[%emt 0:04:08]} 22. Rfc1 {[%emt 0:01:25]} Ra7 {[%emt 0:00:47]}
23. Ng4 {[%emt 0:03:03]} Nd7 {[%emt 0:05:58]} 24. Qxb5 {[%emt 0:04:35]} Qa8 {
[%emt 0:00:14]} 25. Qd3 {[%emt 0:01:06]} Rxa3 {[%emt 0:00:22]} 26. Rab1 {
[%emt 0:01:38]} Qb8 {[%emt 0:05:58]} 27. Nb3 {[%emt 0:05:10]} h5 {[%emt 0:02:
05]} 28. Ne3 {[%emt 0:00:04]} Ne5 {[%emt 0:00:22]} 29. Qd2 {[%emt 0:00:59]} Qa7
{[%emt 0:04:48]} 30. Na5 {[%emt 0:01:35]} h4 {[%emt 0:02:27]} 31. g4 {[%emt 0:
01:03]} Ra4 {[%emt 0:02:43]} 32. Ra1 {[%emt 0:03:15]} Rxa1 {[%emt 0:00:45]} 33.
Rxa1 {[%emt 0:00:03]} Ng6 {[%emt 0:00:05]} 34. c4 {[%emt 0:02:51]} Be5 {
[%emt 0:01:09]} 35. Ra2 {[%emt 0:00:22]} d4 {[%emt 0:00:26]} 36. Nc2 {[%emt 0:
00:47]} Nf4 {[%emt 0:01:03]} 37. Ne1 {[%emt 0:00:53]} Nxg2 {[%emt 0:01:25]} 38.
Kxg2 {[%emt 0:00:06]} Bc7 {[%emt 0:01:58]} 39. Nf3 {[%emt 0:00:18]} e5 {
[%emt 0:00:07]} 40. Nc6 {[%emt 0:02:29]} Qb7 {[%emt 0:02:45]} 41. Ne7+ {
[%emt 0:21:32]} Kf8 {[%emt 0:23:54]} 42. Nxc8 {[%emt 0:04:04]} e4 {[%emt 0:00:
06]} 43. Qxd4 {[%emt 0:07:15]} 1-0

[Event "FIDE Womens Grand Swiss 2021"]
[Site "Riga"]
[Date "2021.11.03"]
[Round "7.19"]
[White "Arakhamia-Grant, Ketevan"]
[Black "Buksa, Nataliya"]
[Result "0-1"]
[WhiteElo "2376"]
[BlackElo "2409"]
[Annotator "TA"]
[PlyCount "108"]
[EventDate "2021.10.27"]
[EventType "swiss"]
[EventCountry "LAT"]
[Tiebreak "Cut1 Buchholz+Sonneborn-Berger (Swiss)"]
[SourceTitle "playchess.com"]
[Source "ChessBase"]
[SourceQuality "1"]

{[%evp 19,108,-45,-45,-57,-48,-55,-26,-31,-33,-33,-39,-54,-30,-34,-31,-32,-30,
-28,-32,-37,-23,-32,-14,-12,0,-11,1,0,40,13,46,16,56,19,30,17,118,111,140,-40,
-29,-42,0,-103,-99,-200,-184,-437,-407,-463,-463,-461,-465,-394,-460,-459,-443,
-448,-450,-452,-438,-425,-441,-423,-372,-367,-376,-356,-350,-465,-439,-451,
-444,-641,-641,-610,-576,-520,-520,-465,-452,-5218,-5475,-4953,-2181,-1799,
-1084,-29967,-29968,-29971,-29973]} 1. e4 c5 2. Nc3 Nc6 3. g3 g6 4. Bg2 Bg7 5.
d3 d6 6. Nf3 e5 7. O-O Nge7 8. Nh4 O-O 9. f4 exf4 10. gxf4 f5 11. Kh1 {B25:
Closed Sicilian: 3 g3, lines without early Be3.} Nd4 {[#]} 12. Nf3 $146 ({
Predecessor:} 12. Ne2 Nec6 13. Nf3 fxe4 14. dxe4 Bg4 15. Nexd4 Nxd4 16. c3 Nxf3
17. Bxf3 Bxf3+ 18. Qxf3 Qh4 {0-1 (35) Ionica,I (2105)-Goletiani,R (2165)
Guarapuava 1995}) 12... Nec6 13. Nd5 {Black has an edge.} Nxf3 14. Qxf3 Rb8 15.
c3 Be6 16. Qg3 fxe4 17. dxe4 Bxd5 18. exd5 Ne7 19. Bd2 Nf5 20. Qd3 Bh6 21. Rae1
Rf6 22. Re4 Qb6 23. b4 Rbf8 24. Bh3 Qc7 25. Rfe1 Qb6 26. Qe2 Ng7 {[%cal Rh6f4]}
27. Rf1 Nh5 (27... Nf5 $11) 28. Be6+ $16 Kh8 {[%cal Rh6f4]} 29. Qg4 ({Better is
} 29. bxc5 $16 Qc7 30. cxd6 Qxd6 31. Be3 Nxf4 32. Qc4 Nxe6 33. Rxf6 Rxf6 34.
Bxh6) 29... Qa6 $15 30. c4 $1 Qa3 {Threatens to win with ...Bxf4!} (30... Qxa2
{feels hotter.} 31. Bc3 Qc2 32. Qf3 cxb4 33. Bd4 Bg7) 31. bxc5 {[#]} (31. Qh3
$11 Qxa2 32. Bc3 cxb4 33. Bxf6+ Rxf6 34. Qe3) 31... Bxf4 $1 $17 {[%mdl 512]
White is on the road to losing.} 32. Bxf4 (32. Rexf4 $17 Nxf4 33. Qf3 (33. Bxf4
$2 Qxc5 34. Qe2 Qd4 $19) (33. Rxf4 Qd3 $17) 33... Qxf3+ 34. Rxf3 Nxe6 35. Bc3 {
[%mdl 64] Pin}) 32... Nxf4 $19 33. cxd6 $2 {[#]} (33. Qg3 {was called for.} Qb2
34. Qf2 Qxf2 35. Rxf2 Nxd5 {[%mdl 64] Discovered Attack} 36. Rd2) 33... Nh3 $1
{[%mdl 512]} 34. Rxf6 Rxf6 35. Qe2 {d7 is the strong threat.} Nf2+ {[%mdl 64]
Double Attack} 36. Kg2 Nxe4 37. d7 {[#]} Rf8 38. Qxe4 {White threatens Qe5+
and mate.} Qxa2+ {[%mdl 4096] Endgame KQR-KQB} 39. Kh3 Qa3+ 40. Kg2 {White
wants to mate with Qe5+.} Qb2+ 41. Kh3 Kg7 42. Bg4 {Strongly threatening Qe7+.}
Qf6 43. c5 Qf1+ 44. Qg2 {[#] Hoping for Qxf1.} Qd3+ 45. Kh4 h6 {( -> ...g5+)}
46. d8=Q (46. Qg3 $142 Qxd5 47. Qe3) 46... g5+ ({Worse is} 46... Rxd8 47. Qb2+
Kg8 48. Be6+ Kh7 49. Qxb7+ Kh8 50. Qb2+ Kh7 51. Qb7+ Kh8 52. Qb2+ Kh7 53. Qb7+
$11) 47. Qxg5+ hxg5+ 48. Kxg5 {intending Qb2+. KQR-KQB} Qe3+ 49. Kh4 Qf2+ 50.
Qg3 (50. Qxf2 $142 Rxf2 51. Kg5) 50... Rh8+ 51. Bh5+ Qxg3+ 52. hxg3 Rc8 53. c6
bxc6 54. dxc6 Rxc6 {Weighted Error Value: White=0.68/Black=0.22} 0-1

[Event "FIDE Womens Grand Swiss 2021"]
[Site "Riga"]
[Date "2021.11.03"]
[Round "7.20"]
[White "Arabidze, Meri"]
[Black "Hoang, Thanh Trang"]
[Result "1/2-1/2"]
[WhiteElo "2441"]
[BlackElo "2380"]
[Annotator "TA"]
[PlyCount "111"]
[EventDate "2021.10.27"]
[EventType "swiss"]
[EventCountry "LAT"]
[Tiebreak "Cut1 Buchholz+Sonneborn-Berger (Swiss)"]
[SourceTitle "playchess.com"]
[Source "ChessBase"]
[SourceQuality "1"]

{[%evp 12,111,53,29,29,27,30,36,30,27,26,29,34,49,37,29,23,38,35,40,26,22,43,
41,48,32,34,27,22,4,28,29,35,48,38,42,47,0,39,51,52,19,39,36,37,45,124,135,154,
177,149,64,58,62,66,47,40,24,24,23,53,35,35,25,36,33,43,44,37,0,0,0,0,0,0,0,0,
0,17,17,19,16,22,16,16,16,16,3,3,3,36,52,41,48,38,34,39,0,47,0,37,0]} 1. Nf3 f5
2. g3 Nf6 3. Bg2 e6 4. O-O d5 5. c4 Bd6 6. d3 O-O {6...0-0 is better than 6...
c6.} 7. Nc3 dxc4 {A10: English Opening: Unusual Replies for Black.} 8. dxc4 Nc6
9. Nb5 e5 10. Nxd6 cxd6 11. b3 Qe7 12. Ba3 Rd8 {[#]} 13. Rc1 $146 ({
Predecessor:} 13. Qd2 Ne4 14. Qe3 a5 15. Nd2 Nc5 16. f4 Nb4 17. Qc3 Re8 18. Bb2
exf4 19. gxf4 {1/2-1/2 (43) Hnydiuk,A (2423)-Bratovic,B (2359) Zadar 2019})
13... h6 14. Qd2 Be6 15. Qb2 Qf7 16. Rfd1 e4 17. Nd4 d5 18. cxd5 Bxd5 19. Nxc6
Bxc6 20. Qe5 Rd5 21. Rxd5 Qxd5 22. Qa1 Qd2 23. Bb2 Rf8 24. Bf1 e3 {( -> ...
exf2+)} (24... f4 $5 {[%cal Rf4g3]}) 25. f3 f4 26. Rd1 Qc2 27. Qc1 Qxc1 28.
Bxc1 g5 (28... fxg3 $14 29. Bxe3 gxh2+ 30. Kxh2 b6) 29. gxf4 $16 gxf4 {[#]} 30.
Bh3 $1 Kf7 {[#]} 31. Rd4 ({Better is} 31. Rd6 $1 $16) 31... Nd5 $14 32. Kf1 Rg8
33. Re4 {aiming for Be6+.} (33. Ba3 {looks sharper.} Rd8 34. Bg4 Kg6 35. Be7
Re8 36. Bd6) 33... Re8 34. Rxe8 Bxe8 {[%mdl 4096] Endgame KBB-KBN} 35. Bb2 Kg6
36. Bc8 Bc6 37. Be5 Kg5 38. Be6 h5 39. a3 h4 40. b4 {Hoping for b5!} a6 41. Ke1
Ne7 42. Bc7 Bd5 43. Bd7 Nc6 44. Bb6 (44. Bd6 {feels hotter.} Nd4 45. Be7+ Kg6
46. Bc8 Nc2+ 47. Kd1) 44... Ne5 45. Bd8+ Kg6 46. Bc8 Nc4 47. a4 Nd6 48. Bd7 {
next Bc7 is good for White.} Nf5 49. Be8+ Kh6 50. b5 axb5 51. Bxb5 Nd4 52. Bd3
Kh5 53. Bc7 Kg5 54. Bd8+ Kh5 55. Bc7 Kg5 56. Bd8+ {Weighted Error Value:
White=0.09/Black=0.07} 1/2-1/2

[Event "FIDE Womens Grand Swiss 2021"]
[Site "Riga"]
[Date "2021.11.03"]
[Round "7.21"]
[White "Padmini, Rout"]
[Black "Cyfka, Karina"]
[Result "0-1"]
[WhiteElo "2380"]
[BlackElo "2409"]
[Annotator "NA"]
[PlyCount "86"]
[EventDate "2021.10.27"]
[EventType "swiss"]
[EventCountry "LAT"]
[Tiebreak "Cut1 Buchholz+Sonneborn-Berger (Swiss)"]
[SourceTitle "playchess.com"]
[Source "ChessBase"]
[SourceQuality "1"]
[TimeControl "40/6000+30:20/3000+30:900+30"]

1. Nf3 {[%emt 0:10:12]} d5 {[%emt 0:10:23]} 2. g3 {[%emt 0:00:07]} Nd7 {
[%emt 0:00:31]} 3. d4 {[%emt 0:00:37]} Nb6 {[%emt 0:00:13]} 4. Bg2 {[%emt 0:00:
21]} Bf5 {[%emt 0:00:50]} 5. O-O {[%emt 0:00:32]} e6 {[%emt 0:00:25]} 6. Ne5 {
[%emt 0:02:38]} Nf6 {[%emt 0:05:18]} 7. c4 {[%emt 0:05:24]} c6 {[%emt 0:05:57]}
8. b3 {[%emt 0:02:02]} Be7 {[%emt 0:06:47]} 9. Nc3 {[%emt 0:00:48]} O-O {
[%emt 0:01:56]} 10. Bb2 {[%emt 0:00:54]} h6 {[%emt 0:06:20]} 11. e3 {[%emt 0:
03:15]} Bh7 {[%emt 0:07:32]} 12. Qe2 {[%emt 0:02:24]} Nfd7 {[%emt 0:07:32]} 13.
Rad1 {[%emt 0:08:19]} a5 {[%emt 0:07:11]} 14. f4 {[%emt 0:07:29]} Nxe5 {
[%emt 0:06:28]} 15. dxe5 {[%emt 0:08:39]} Bc5 $11 {[%emt 0:05:13]} 16. Ne4 {
[%emt 0:04:29]} Be7 {[%emt 0:05:43]} 17. g4 {[%emt 0:06:42]} a4 {[%emt 0:06:33]
} 18. f5 {[%emt 0:03:23]} axb3 {[%emt 0:00:12]} 19. axb3 {[%emt 0:01:14]} Ra2 {
[%emt 0:03:20]} 20. Nc3 {[%emt 0:01:30]} Rxb2 {[%emt 0:06:24]} 21. Qxb2 {
[%emt 0:00:02]} Bc5 {[%emt 0:02:19]} 22. cxd5 {[%emt 0:04:13]} Bxe3+ {[%emt 0:
01:47]} 23. Kh1 {[%emt 0:00:06]} cxd5 {[%emt 0:00:22]} 24. fxe6 {[%emt 0:08:24]
} fxe6 {[%emt 0:00:11]} 25. Rxf8+ {[%emt 0:02:34]} Qxf8 {[%emt 0:00:15]} 26.
Nb5 {[%emt 0:00:45]} Qf4 {[%emt 0:02:40]} 27. Nd6 {[%emt 0:17:56]} d4 {[%emt 0:
02:25]} 28. Rf1 {[%emt 0:04:01]} Qxe5 {[%emt 0:00:41]} 29. Nf7 {[%emt 0:00:16]}
Qc7 {[%emt 0:03:33]} 30. Qe2 {[%emt 0:00:38]} Bg6 {[%emt 0:01:07]} 31. Nxh6+ {
[%emt 0:02:58]} gxh6 {[%emt 0:00:27]} 32. Qf3 {[%emt 0:00:13]} Qe7 {[%emt 0:01:
21]} 33. b4 {[%emt 0:00:44]} Nd5 {[%emt 0:01:13]} 34. b5 {[%emt 0:00:16]} Kh7 {
[%emt 0:02:14]} 35. Qg3 {[%emt 0:00:37]} Nf6 {[%emt 0:00:25]} 36. h4 {[%emt 0:
01:36]} Ne4 {[%emt 0:00:43]} 37. Bxe4 {[%emt 0:00:22]} Bxe4+ {[%emt 0:00:01]}
38. Kh2 {[%emt 0:00:01]} e5 {[%emt 0:00:18]} 39. Kh3 {[%emt 0:00:06]} Bf4 {
[%emt 0:00:50]} 40. Qb3 {[%emt 0:00:02]} h5 {[%emt 0:01:09]} 41. Rg1 {[%emt 0:
53:14]} Qc7 {[%emt 0:22:53]} 42. gxh5 {[%emt 0:00:00]} Qc3+ {[%emt 0:03:56]}
43. Qxc3 {[%emt 0:00:00]} dxc3 {[%emt 0:00:40]} 0-1

[Event "FIDE Womens Grand Swiss 2021"]
[Site "Riga"]
[Date "2021.11.03"]
[Round "7.22"]
[White "Houska, Jovanka"]
[Black "Divya Deshmukh"]
[Result "0-1"]
[WhiteElo "2381"]
[BlackElo "2305"]
[Annotator "NA"]
[PlyCount "112"]
[EventDate "2021.10.27"]
[EventType "swiss"]
[EventCountry "LAT"]
[Tiebreak "Cut1 Buchholz+Sonneborn-Berger (Swiss)"]
[SourceTitle "playchess.com"]
[Source "ChessBase"]
[SourceQuality "1"]
[TimeControl "40/6000+30:20/3000+30:900+30"]

1. d4 {[%emt 0:10:05]} Nf6 {[%emt 0:10:04]} 2. c4 {[%emt 0:00:04]} e6 {[%emt 0:
00:03]} 3. Nf3 {[%emt 0:00:10]} d5 {[%emt 0:00:04]} 4. Nc3 {[%emt 0:00:04]} c6
{[%emt 0:00:02]} 5. e3 {[%emt 0:00:34]} Nbd7 {[%emt 0:00:05]} 6. Be2 {[%emt 0:
00:08]} dxc4 {[%emt 0:00:10]} 7. a4 {[%emt 0:00:20]} Bd6 {[%emt 0:02:00]} 8.
Nd2 {[%emt 0:00:06]} Bb4 {[%emt 0:17:14]} 9. Nxc4 {[%emt 0:02:58]} Qe7 {
[%emt 0:04:28]} 10. O-O {[%emt 0:03:26]} e5 {[%emt 0:04:39]} 11. Na2 {[%emt 0:
03:51]} Bd6 {[%emt 0:15:13]} 12. Nxd6+ {[%emt 0:04:00]} Qxd6 {[%emt 0:00:01]}
13. b4 {[%emt 0:00:42]} exd4 {[%emt 0:02:56]} 14. Bb2 {[%emt 0:00:26]} a5 {
[%emt 0:12:01]} 15. b5 {[%emt 0:03:57]} O-O {[%emt 0:05:27]} 16. Rc1 $14 {
[%emt 0:12:45]} Qe6 {[%emt 0:14:31]} 17. Bc4 {[%emt 0:03:04]} Qe7 {[%emt 0:00:
08]} 18. Qxd4 {[%emt 0:02:41]} c5 {[%emt 0:00:25]} 19. Qf4 {[%emt 0:05:03]} Nb6
{[%emt 0:03:39]} 20. Bd3 {[%emt 0:04:49]} Be6 {[%emt 0:03:13]} 21. Qh4 {
[%emt 0:05:23]} h6 {[%emt 0:00:59]} 22. Nc3 {[%emt 0:01:58]} Nfd5 {[%emt 0:04:
54]} 23. Qe4 {[%emt 0:20:20]} Nf6 {[%emt 0:00:04]} 24. Qe5 {[%emt 0:01:41]}
Rfd8 {[%emt 0:00:43]} 25. Rfd1 {[%emt 0:00:14]} Nbd7 {[%emt 0:07:25]} 26. Qg3 {
[%emt 0:05:18]} c4 {[%emt 0:00:22]} 27. Bc2 {[%emt 0:02:19]} Nc5 {[%emt 0:01:
19]} 28. e4 {[%emt 0:04:25]} Nh5 {[%emt 0:01:33]} 29. Qe5 {[%emt 0:05:11]} Qg5
{[%emt 0:00:11]} 30. Nd5 {[%emt 0:00:52]} Bxd5 {[%emt 0:00:34]} 31. exd5 {
[%emt 0:07:21]} Nf4 {[%emt 0:00:03]} 32. Qxg5 {[%emt 0:00:49]} hxg5 {[%emt 0:
00:00]} 33. Rd2 {[%emt 0:01:09]} Rxd5 {[%emt 0:00:08]} 34. Rxd5 {[%emt 0:00:04]
} Nxd5 {[%emt 0:00:02]} 35. Bd4 {[%emt 0:00:12]} Nb3 {[%emt 0:02:46]} 36. Rd1 {
[%emt 0:00:48]} Nf4 {[%emt 0:00:28]} 37. Be3 {[%emt 0:00:33]} Ne6 {[%emt 0:00:
33]} 38. Rd7 {[%emt 0:00:34]} Nec5 {[%emt 0:00:22]} 39. Bxc5 {[%emt 0:00:54]}
Nxc5 {[%emt 0:00:01]} 40. Rd4 {[%emt 0:00:10]} Re8 {[%emt 0:00:57]} 41. Kf1 {
[%emt 0:50:01]} Nb3 {[%emt 0:21:56]} 42. Rd7 {[%emt 0:00:00]} b6 {[%emt 0:06:
39]} 43. Rd6 {[%emt 0:00:00]} Kf8 {[%emt 0:04:10]} 44. f4 {[%emt 0:00:00]} gxf4
{[%emt 0:00:30]} 45. Rxb6 {[%emt 0:00:00]} Nd4 {[%emt 0:00:55]} 46. Bd1 {
[%emt 0:00:00]} c3 {[%emt 0:01:00]} 47. Ra6 {[%emt 0:00:00]} c2 {[%emt 0:03:43]
} 48. Bxc2 {[%emt 0:00:00]} Nxc2 {[%emt 0:00:03]} 49. Rxa5 {[%emt 0:00:00]} Ne1
{[%emt 0:05:17]} 50. h4 {[%emt 0:00:00]} Nd3 {[%emt 0:01:04]} 51. Kg1 {[%emt 0:
00:00]} Re1+ {[%emt 0:01:20]} 52. Kh2 {[%emt 0:00:00]} Ne5 {[%emt 0:02:05]} 53.
g4 {[%emt 0:00:00]} f3 {[%emt 0:01:09]} 54. b6 {[%emt 0:00:00]} f2 {[%emt 0:00:
20]} 55. b7 {[%emt 0:00:00]} Nxg4+ {[%emt 0:00:09]} 56. Kg3 {[%emt 0:00:00]}
Rg1+ {[%emt 0:00:03]} 0-1

[Event "FIDE Womens Grand Swiss 2021"]
[Site "Riga"]
[Date "2021.11.03"]
[Round "7.23"]
[White "Kamalidenova, Meruert"]
[Black "Eizaguerri Floris, Maria"]
[Result "1-0"]
[WhiteElo "2339"]
[BlackElo "2328"]
[Annotator "NA"]
[PlyCount "107"]
[EventDate "2021.10.27"]
[EventType "swiss"]
[EventCountry "LAT"]
[Tiebreak "Cut1 Buchholz+Sonneborn-Berger (Swiss)"]
[SourceTitle "playchess.com"]
[Source "ChessBase"]
[SourceQuality "1"]
[TimeControl "40/6000+30:20/3000+30:900+30"]

1. e4 {[%emt 0:10:21]} c5 {[%emt 0:10:07]} 2. Nf3 {[%emt 0:00:06]} e6 {[%emt 0:
00:04]} 3. d4 {[%emt 0:00:07]} cxd4 {[%emt 0:00:05]} 4. Nxd4 {[%emt 0:00:10]}
Nc6 {[%emt 0:00:03]} 5. Nc3 {[%emt 0:00:21]} a6 {[%emt 0:00:06]} 6. g4 {
[%emt 0:00:52]} Qc7 {[%emt 0:02:40]} 7. Be3 {[%emt 0:01:07]} d6 {[%emt 0:03:03]
} 8. Qd2 {[%emt 0:03:52]} Nf6 {[%emt 0:01:45]} 9. f3 {[%emt 0:03:02]} Be7 {
[%emt 0:01:21]} 10. O-O-O {[%emt 0:02:22]} Nd7 {[%emt 0:16:23]} 11. f4 {
[%emt 0:06:53]} O-O {[%emt 0:08:36]} 12. g5 {[%emt 0:05:54]} b5 {[%emt 0:01:08]
} 13. Nxc6 {[%emt 0:04:10]} Qxc6 {[%emt 0:00:06]} 14. Bg2 {[%emt 0:01:10]} Bb7
{[%emt 0:05:26]} 15. Rhg1 {[%emt 0:01:52]} b4 {[%emt 0:07:56]} 16. Ne2 {
[%emt 0:01:29]} Rfc8 {[%emt 0:03:03]} 17. Kb1 {[%emt 0:04:03]} Nc5 $11 {
[%emt 0:08:35]} 18. Bxc5 {[%emt 0:05:54]} Qxc5 {[%emt 0:03:49]} 19. Nd4 {
[%emt 0:02:23]} a5 {[%emt 0:04:30]} 20. f5 {[%emt 0:02:47]} e5 {[%emt 0:10:55]}
21. Nb3 {[%emt 0:02:27]} Qc4 {[%emt 0:01:43]} 22. f6 {[%emt 0:04:49]} Bf8 {
[%emt 0:00:06]} 23. fxg7 {[%emt 0:03:10]} Bxg7 {[%emt 0:01:41]} 24. Qd3 {
[%emt 0:04:38]} Qc6 {[%emt 0:07:07]} 25. Bh3 {[%emt 0:03:48]} Ba6 {[%emt 0:02:
56]} 26. Qd2 {[%emt 0:03:09]} Rc7 {[%emt 0:04:35]} 27. Bf5 {[%emt 0:04:58]} a4
{[%emt 0:01:09]} 28. Nc1 {[%emt 0:00:52]} b3 {[%emt 0:03:01]} 29. cxb3 {
[%emt 0:04:46]} axb3 {[%emt 0:00:03]} 30. Nxb3 {[%emt 0:00:54]} Bc4 {[%emt 0:
01:52]} 31. Nc1 {[%emt 0:02:30]} Rca7 {[%emt 0:01:13]} 32. b3 {[%emt 0:03:25]}
Qb5 {[%emt 0:00:36]} 33. Qb2 {[%emt 0:02:19]} Be6 {[%emt 0:00:40]} 34. Bxe6
fxe6 {[%emt 0:00:01]} 35. Rxd6 {[%emt 0:03:49]} Bf8 {[%emt 0:00:29]} 36. Rxe6 {
[%emt 0:02:13]} Ba3 {[%emt 0:00:20]} 37. Qxe5 {[%emt 0:01:47]} Qxe5 {[%emt 0:
00:25]} 38. Rxe5 {[%emt 0:00:05]} Bxc1 {[%emt 0:00:06]} 39. Rxc1 {[%emt 0:00:
18]} Rxa2 {[%emt 0:00:04]} 40. Rc8+ {[%emt 0:00:23]} Rxc8 {[%emt 0:00:07]} 41.
Kxa2 {[%emt 0:50:03]} Rc2+ {[%emt 0:50:18]} 42. Ka3 {[%emt 0:00:06]} Rxh2 {
[%emt 0:00:03]} 43. b4 {[%emt 0:00:28]} Kf7 {[%emt 0:00:28]} 44. b5 {[%emt 0:
00:30]} Rh1 {[%emt 0:00:03]} 45. Kb4 {[%emt 0:00:16]} Rb1+ {[%emt 0:00:16]} 46.
Kc5 {[%emt 0:00:05]} Rc1+ {[%emt 0:00:17]} 47. Kd6 {[%emt 0:00:11]} Rd1+ {
[%emt 0:00:07]} 48. Kc6 {[%emt 0:00:07]} Rc1+ {[%emt 0:00:10]} 49. Rc5 {
[%emt 0:00:08]} Re1 {[%emt 0:00:30]} 50. b6 {[%emt 0:00:08]} Rxe4 {[%emt 0:00:
03]} 51. b7 {[%emt 0:00:09]} Re8 {[%emt 0:00:56]} 52. Kc7 {[%emt 0:00:11]} Re7+
{[%emt 0:00:07]} 53. Kb6 {[%emt 0:00:05]} Re6+ {[%emt 0:00:08]} 54. Rc6 {
[%emt 0:00:23]} 1-0